Statistiques concernant Conseillers federaux suisses

Cliquez ici pour prendre le quiz!

Statistiques générales

  • Ce quiz a été pris 40 fois
  • Le résultat moyen est 5 sur 7

Statistiques - réponses

HintRéponse% Correct
4Alain BersetintérieurPSFR
95%
5Guy Parmelinéconomie, formation, rechercheUDCVD
81%
1Ignazio Cassisaffaires étrangeresPLRTI
65%
3Ueli MaurerfinancesUDCZH
62%
6Viola Amherddefense, protection, sportPDCVS
62%
2Simonetta Sommarugaenvironement, transports, energie, communicationsPSBE
59%
7Karin Keller-Sutterjustice, policePLRSG
41%

Distribution des résultats

Percentile par nombre de réponses

% des personnes avec chaque résultat

Votre développement - résultats

Vous n’avez pas pris ce quiz